| 000 -LEADER |
| fixed length control field |
00759nam a22001337a 4500 |
| 040 ## - CATALOGING SOURCE |
| Transcribing agency |
RUA |
| 082 ## - DEWEY DECIMAL CLASSIFICATION NUMBER |
| Classification number |
VEM MOL 2018 B649 Or.1 |
| 100 ## - MAIN ENTRY--AUTHOR NAME |
| Personal name |
MOL PHEARY ម៉ុល ភារី |
| 245 ## - TITLE STATEMENT |
| Title |
atimicrobial resistance of E.coli isolated on dogs at veterinary teaching hospital of faculty veterinary medicine ភាពសាំតេរី E.coli ទល់និងឧសអង់ទីព្យូទិច នៃសត្វសុនខនៅមន្ទីពេទ្យសត្វនៃមហាវិទ្យាល័យវេជ្ចសាស្រ្តសត្វ |
| 260 ## - PUBLICATION, DISTRIBUTION, ETC. (IMPRINT) |
| Place of publication |
RUA |
| Name of publisher |
Phnom penh |
| Year of publication |
2018 |
| 300 ## - PHYSICAL DESCRIPTION |
| Number of Pages |
x;45p |
| Other physical details |
ill; |
| Dimensions |
29cm |
| 856 ## - ELECTRONIC LOCATION AND ACCESS |
| Uniform Resource Identifier |
https://drive.google.com/file/d/1irn2OzVndPSwlKjUhEsc9b30hOvzUwfj/view?usp=sharing |
| 942 ## - ADDED ENTRY ELEMENTS (KOHA) |
| Koha item type |
AVM |
| 952 ## - LOCATION AND ITEM INFORMATION (KOHA) |
| Withdrawn status [LOCAL, KOHA] |
0 |
| 952 ## - LOCATION AND ITEM INFORMATION (KOHA) |
| Withdrawn status [LOCAL, KOHA] |
0 |
| 952 ## - LOCATION AND ITEM INFORMATION (KOHA) |
| Withdrawn status [LOCAL, KOHA] |
0 |
| 952 ## - LOCATION AND ITEM INFORMATION (KOHA) |
| Withdrawn status [LOCAL, KOHA] |
0 |
| 952 ## - LOCATION AND ITEM INFORMATION (KOHA) |
| Withdrawn status [LOCAL, KOHA] |
0 |
| 952 ## - LOCATION AND ITEM INFORMATION (KOHA) |
| Withdrawn status [LOCAL, KOHA] |
0 |